000 00265nam a2200109Ia 4500
005 20251222144803.0
008 251222s9999||||xx |||||||||||||| ||spa||
082 _a711.55/P66
245 0 _aPlaza Mayor
264 _bMunicipalidad Metropolitana de Lima
942 _cLIB
999 _c19801
_d19801